000 00457nam a2200181Ia 4500
005 20250423100307.0
008 250422s9999 xx 000 0 und d
020 _a9789351114932
050 _aGB 5011.71 .S53/
100 _aSharma, Anshuman.
245 0 _aNatural disaster management
260 _aNew Delhi
260 _bRandom Publications
260 _c2015
300 _a282 p
650 _aNatural disasters Emergency management
942 _cBK
999 _c32865
_d32865